Consumer perception of determinant attributes in the choice of a deluxe hotel : impact on satisfaction of major market segments /
Saved in:
| 主要作者: | |
|---|---|
| 格式: | Thesis 圖書 |
| 語言: | English |
| 出版: |
1989.
|
| 主題: | |
| 標簽: |
添加標簽
沒有標簽, 成為第一個標記此記錄!
|
| LEADER | 01069cam a2200301 a 4500 | ||
|---|---|---|---|
| 001 | u93833 | ||
| 003 | SIRSI | ||
| 008 | 910612s1989 si v 00 1 eng m | ||
| 035 | |a AAK-2485 | ||
| 040 | |a UMM | ||
| 043 | |a a-si--- | ||
| 049 | |a mkkmsa | ||
| 090 | |a HC445.8 |b Z9C6Ver | ||
| 100 | 1 | 0 | |a Vera, Ariel. |
| 245 | 1 | 0 | |a Consumer perception of determinant attributes in the choice of a deluxe hotel : |b impact on satisfaction of major market segments / |c Ariel Vera. |
| 260 | 1 | |c 1989. | |
| 300 | |a 97 leaves ; |c 30 cm. | ||
| 500 | |a Spine title : Choice of hotel. | ||
| 502 | |a Dissertation (M.B.A.) -- National University of Singapore, 1989. | ||
| 504 | |a Bibliography: leaves 96-97. | ||
| 650 | 0 | |a Consumers' preferences |z Singapore. | |
| 650 | 0 | |a Consumers |z Singapore |x Attitudes. | |
| 650 | 0 | |a Consumer satisfaction |z Singapore. | |
| 650 | 0 | |a Hotels |v Guidebooks |z Singapore. | |
| 740 | 0 | |a Consumer choice of hotel. | |
| 948 | |a 13/08/1991 |b 26/01/1995 | ||
| 596 | |a 1 | ||
| 999 | |a HC445.8 Z9C6VER [F] |w LC |c 1 |i A010705061 |d 14/5/2002 |l STACKS |m P01UTAMA |n 22 |r Y |s Y |t TESIS |u 24/10/1991 | ||
